MARC

LEADER 00000nam0a2200000 4500
001 48364
005 20231031031437.0
010 |a 5947234505 
035 |a (RuTPU)RU\TPU\book\50660 
090 |a 48364 
100 |a 20030317d2003 m y0rusy50 ca 
101 0 |a rus 
102 |a RU 
105 |a k j 001zy 
200 1 |a Международные и национальные стандарты учета и финансовой отчетности  |e учебное пособие  |f В. А. Терехова 
205 |a 2-е изд., перераб. и доп. 
210 |a СПб.  |c Питер  |d 2003 
215 |a 272 с.  |c отчеты 
225 1 |a Учебное пособие 
320 |a Библиогр.: с. 256. 
610 1 |a экономика 
610 1 |a финансы 
610 1 |a учет 
610 1 |a бухгалтерский учет 
610 1 |a финансовая отчетность 
610 1 |a международные стандарты 
610 1 |a национальные стандарты 
610 1 |a материально-производственные запасы 
610 1 |a основные средства 
610 1 |a внеоборотные активы 
610 1 |a хозяйственные операции 
610 1 |a методология 
610 1 |a учебные пособия 
675 |a 657.22(07)  |v 3 
700 1 |a Терехова  |b В. А.  |g Вера Александровна 
801 1 |a RU  |b 63413507  |c 20030317  |g PSBO 
801 2 |a RU  |b 63413507  |c 20150824  |g PSBO 
900 |a Стандартизация и сертификация в обеспечении качества 
900 |a Валютно-финансовая деятельность в туризме 
942 |c BK 
952 |a 521600  |b 080100